000 00480nam a22001937a 4500
003 MPLRDC
005 20220104125149.0
008 210129b ||||| |||| 00| 0 eng d
020 _a957-628-488-0
082 _a857.9 DGH-40 v.2
100 _a独孤红
245 _a血花、血花. 下
_c
250 _a再版
260 _a
_b万盛出版有限公司
_c1994
300 _b
490 _a独孤红作品集. 5
650 _a武侠小说
942 _cBK
_o857.9 DGH-40 v.2
999 _c25170
_d25160